Central Library OPAC University of Rajshahi

Themes in modern European history 1830-1890 / (Record no. 24361)

MARC details
000 -LEADER
fixed length control field 00713nam a2200241 a 4500
001 - CONTROL NUMBER
control field 24361
003 - CONTROL NUMBER IDENTIFIER
rucl marc code BD-RjUL
005 - DATE AND TIME OF LATEST TRANSACTION
control field 20211209001036.0
008 - FIXED-LENGTH DATA ELEMENTS--GENERAL INFORMATION
fixed length control field 140313r19951990enkb 000 0 eng d
020 ## - INTERNATIONAL STANDARD BOOK NUMBER
International Standard Book Number 041509075X (pbk)
035 ## - SYSTEM CONTROL NUMBER
System control number (BD-RjUL)24427
040 ## - CATALOGING SOURCE
Original cataloging agency DLC
Language of cataloging eng
Transcribing agency DLC
Modifying agency BD-RjUL
041 ## - LANGUAGE CODE
Language code of text/sound track or separate title eng
082 00 - DEWEY DECIMAL CLASSIFICATION NUMBER
Classification number 940.28
Edition number 20
Author mark and year THE 1995
245 00 - TITLE STATEMENT
Title Themes in modern European history 1830-1890 /
Statement of responsibility, etc. edited by Bruce Waller.
260 ## - PUBLICATION, DISTRIBUTION, ETC. (IMPRINT)
Place of publication, distribution, etc. London :
Name of publisher, distributor, etc. Routledge,
Date of publication, distribution, etc. 1990 [reprinted 1995].
300 ## - PHYSICAL DESCRIPTION
Pagination xv, 305 p. :
Illustrations maps ;
Size 23 cm.
504 ## - BIBLIOGRAPHY, ETC. NOTE
Bibliography, etc Includes bibliographies and index.
651 #0 - SUBJECT ADDED ENTRY--GEOGRAPHIC NAME
Geographic name Europe
General subdivision History
Chronological subdivision 1789-1900.
9 (RLIN) 69784
700 1# - ADDED ENTRY--PERSONAL NAME
Personal name Waller, Bruce.
942 ## - ADDED ENTRY ELEMENTS (KOHA)
Source of classification or shelving scheme Dewey Decimal Classification
Koha item type Books
Holdings
Lost status Source of classification or shelving scheme Damaged status Not for loan Collection code Permanent Location Current Location Shelving location Date acquired Source of acquisition Cost, normal purchase price Total Checkouts Full call number Date last seen Copy number Koha item type
  Dewey Decimal Classification     Non-fiction Central Library, University of Rajshahi Central Library, University of Rajshahi   14/08/1997 Dhaka, Paragon Enterprises Ltd. 13.99   940.28 THE 1995 13/03/2014 C-2 Books